ရွှေဥမင်ဘုရားသမိုင်းနှင့် ပင်းတယမြို့ရာဇဝင်။ (Record no. 16699)

000 -LEADER
fixed length control field 00846nam a2200193Ia 4500
003 - CONTROL NUMBER IDENTIFIER
control field OSt
005 - DATE AND TIME OF LATEST TRANSACTION
control field 20241011105432.0
007 - PHYSICAL DESCRIPTION FIXED FIELD--GENERAL INFORMATION
fixed length control field ca aa aaaaa
008 - FIXED-LENGTH DATA ELEMENTS--GENERAL INFORMATION
fixed length control field 201103s9999 xx 000 0 und d
040 ## - CATALOGING SOURCE
Transcribing agency SSBUL
041 ## - LANGUAGE CODE
Language code of text/sound track or separate title bur
082 ## - DEWEY DECIMAL CLASSIFICATION NUMBER
Edition number 23
Classification number ၂၉၄.၃၄၃၅၀၉ ရွှေ
Item number ၉၂၂၈ S-SAT
245 10 - TITLE STATEMENT
Title ရွှေဥမင်ဘုရားသမိုင်းနှင့် ပင်းတယမြို့ရာဇဝင်။
260 ## - PUBLICATION, DISTRIBUTION, ETC.
Place of publication, distribution, etc. ရန်ကုန် ၊
Name of publisher, distributor, etc. သီဟရတနာစာပုံနှိပ်တိုက်၊
Date of publication, distribution, etc. ၁၉၆၁။
300 ## - PHYSICAL DESCRIPTION
Extent ၇၄ စာမျက်နှာ ၊
Dimensions ၁၇ စင်တီ။
500 ## - GENERAL NOTE
General note S-SAT: Dr. Sai Aung Tun
650 ## - SUBJECT ADDED ENTRY--TOPICAL TERM
Topical term or geographic name entry element ရွှေဥမင်ဘုရား
Form subdivision သမိုင်း
Geographic subdivision ပင်းတယမြို့
9 (RLIN) 55029
942 ## - ADDED ENTRY ELEMENTS (KOHA)
Source of classification or shelving scheme
Koha item type Book (Short term)
Holdings
Withdrawn status Lost status Source of classification or shelving scheme Damaged status Not for loan Permanent Location Current Location Date acquired Total Checkouts Full call number Barcode Date last seen Date last checked out Price effective from Koha item type Accession Collection code Shelving location
          Shan State Buddhist University Library Shan State Buddhist University Library 15/02/2023 1 ၂၉၄.၃၄၃၅၀၉ ရွှေ ၉၂၂၈ S-SAT MB00009228 27/05/2024 21/05/2024 15/02/2023 Book (Short term) ၉၂၂၈    
          Shan State Buddhist University Library Shan State Buddhist University Library 15/02/2023   ၂၉၄.၃၄၃၅၀၉ ရွှေ ၉၃၅၁ S-SAT MB00009351 11/10/2024   15/02/2023 Book (Short term) ၉၃၅၁ S-SAT Special Collections Special Collection Shelves

Library - 09407999929
Admin Office - 09407999979
Dean Office - 09250910768
Registrar Office - 09892297154
Email - [email protected]
Shan State Buddhist University, Phaya Phyu Taunggyi, Shan State, Myanmar.